000
00333 a2200157 4500
001
68278
020
_a
9781405077927
040
_c
Anchieta - Pituba
100
_a
Milne, Jonh
240
1
0
_a
Lucky Number
_l
eng
245
1
0
_a
Lucky Number
300
_a
16
362
0
_a
2005
650
4
_a
Literatura juvenil em inglês
942
_c
BK
999
_c
68278
_d
68278